000 00920nam a22002777a 4500
003 0
005 20180728180915.0
008 0
010 _aB-059009
020 _c00.00
_a8171416020
035 _aB-059009, B-059010
037 _bCen Lib/Ret
040 _aDPL
_bEN
_c0
082 _a331.48137
_bWOM
245 _aWoman as educators /
_cedited by Digumati Bhaskara Rao, Digumati Pushpa Latha [and] Digumati Harshitha
260 _aNew Delhi
_bDiscovery Publishing House
_c2001
270 _a48331/24, Ansari Road, Daryaganj
_bNew Delhi
_e110002
300 _a93p. :
_c22cm(Hb)
_bill
500 _aIncludes bibliographic references and index
650 _aFeminism and education
_914578
650 _aEducators
_914579
700 _aRao, Digumati Bhaskara
_914580
700 _aLatha, Digumati Pushpa
_914581
700 _aHarshitha, Digumati
_914582
942 _2ddc
_cEN
_h331.48137
_mWOM
999 _c125506
_d125506